00261nam a2200097Ia 4500008004100000100002600041245003500067260003800102300001000140650001300150190216s9999||||xx |||||||||||||| ||und|| aKay Yarborough Nelson 0aWord Perfect 5 Macro Hand Book bTech Pubs Pvt Ltd Singaporec1989 a488 p aComputer